Komparácia ekonomických systémov : problémy a výzvy zborník vedeckých statí

Salvato in:
Dettagli Bibliografici
Altri autori: Piovarčiová, Veronika, 1951-, Darmo, Ľubomír, 1984-, Adamovský, Peter, 1990-, Hontyová, Kajetána, Pupala, Ladislav
Natura: Libro
Lingua:slovacco
Pubblicazione: Bratislava Katedra ekonomickej teórie NHF EU 2016
Edizione:1. vyd.
Soggetti:
Tags: Aggiungi Tag
Nessun Tag, puoi essere il primo ad aggiungerne!!

MARC

LEADER 00000nlm a2200000 4500
001 0225431
005 20240502073709.5
020 |a 978-80-225-4309-5 
041 0 |a slo 
044 |a SK 
245 1 0 |a Komparácia ekonomických systémov : problémy a výzvy  |b zborník vedeckých statí  |c zostavili: Veronika Piovarčiová, Ľubomír Darmo, Peter Adamovský 
250 |a 1. vyd. 
264 1 |a Bratislava  |b Katedra ekonomickej teórie NHF EU  |c 2016 
300 |a CD-ROM [132 s., 9,8 AH] 
610 2 0 |a systémy ekonomické 
610 2 0 |a investície priame zahraničné 
610 2 0 |a pohyb síl pracovných medzinárodný 
610 2 0 |a politika fiškálna 
610 2 0 |a konkurencieschopnosť 
610 2 0 |a Vyšehradská štvorka 
610 2 0 |a nerovnováha hospodárska 
610 2 0 |a migrácia 
610 2 0 |a Európska únia 
610 2 0 |a vzdelávanie 
610 2 0 |a OECD 
700 1 |a Piovarčiová, Veronika, 1951- 
700 1 |a Darmo, Ľubomír, 1984- 
700 1 |a Adamovský, Peter, 1990- 
700 1 |a Hontyová, Kajetána 
700 1 |a Pupala, Ladislav